Salta al contenuto

Животные тропиков и островов Океании

Океания — невероятно интересная часть света, которую объединяют с Австралией. Океания представляет собой крупнейшее в мире скопление островов, некоторые из которых имеют вулканическое происхождение, а некоторые образованы кораллами (такие острова называются атоллами). Общая площадь всех островов Оке...

Descrizione completa

Salvato in:
Dettagli Bibliografici
Autore principale: Рублев, С. (070)
Natura: Книга
Soggetti:
Accesso online:Перейти к просмотру издания
Tags: Aggiungi Tag
Nessun Tag, puoi essere il primo ad aggiungerne! !
LEADER 02471nam0a2200421 4500
001 RU/IPR SMART/71413
856 4 |u https://www.iprbookshop.ru/71413.html  |z Перейти к просмотру издания 
801 1 |a RU  |b IPR SMART  |c 20250903  |g RCR 
010 |a 978-5-386-06965-0 
205 |a Животные тропиков и островов Океании  |b Весь срок охраны авторского права 
333 |a Весь срок охраны авторского права 
100 |a 20250903d2014 k y0rusy01020304ca 
105 |a y j 000zy 
101 0 |a rus 
102 |a RU 
200 1 |a Животные тропиков и островов Океании  |f С. Рублев 
700 1 |a Рублев,   |b С.  |4 070 
330 |a Океания — невероятно интересная часть света, которую объединяют с Австралией. Океания представляет собой крупнейшее в мире скопление островов, некоторые из которых имеют вулканическое происхождение, а некоторые образованы кораллами (такие острова называются атоллами). Общая площадь всех островов Океании, без Австралии, составляет ни много ни мало 1,26 млн км2. На некоторых из этих островов люди не живут вовсе. На первый взгляд может показаться, что острова Океании — это самый настоящий рай. Пальмы, солнце, белоснежные песчаные пляжи... 
210 |a Москва  |c РИПОЛ классик  |d 2014 
610 1 |a Океания 
610 1 |a животное 
610 1 |a какаду 
610 1 |a носач 
610 1 |a орангутан 
610 1 |a касатка 
610 1 |a гаттерия 
610 1 |a черепаха 
610 1 |a лори 
610 1 |a гиббон 
675 |a 591 
686 |a 28.6  |2 rubbk 
300 |a Книга находится в премиум-версии IPR SMART. 
106 |a s 
230 |a Электрон. дан. (1 файл) 
336 |a Текст 
337 |a электронный 
503 0 |a Доступна эл. версия. IPR SMART 
215 |a 40 с.